| 000 | 00392nam a2200169Ia 4500 | ||
|---|---|---|---|
| 001 | 19041 | ||
| 005 | 20260306171715.0 | ||
| 008 | 260306s9999||||xx |||||||||||||| ||und|| | ||
| 041 | _aESP | ||
| 082 |
_a658.8 _bB74F |
||
| 100 |
_aBorrero Briceño, Julio César _eAUT |
||
| 245 | 0 | _aFundamentos de marketing | |
| 300 |
_a _c |
||
| 650 | _aGEN | ||
| 654 | _aCAN | ||
| 942 |
_cLIB _dJUS _fJUS _2ddc _n |
||
| 999 |
_c19041 _d19041 |
||